ნორმალური ფორმატი
MARC ფორმატი
ჩანაწერი Personal Name
ჩანაწერთა რაოდენობა, რომელიც გამოყენებულია: 2
001 - CONTROL NUMBER
- control field: 20518
003 - CONTROL NUMBER IDENTIFIER
- control field: GE_BSU
005 - DATE AND TIME OF LATEST TRANSACTION
- control field: 20231130114005.0
008 - FIXED-LENGTH DATA ELEMENTS
- fixed length control field: 231130|| aca||aabn | a|a d
040 ## - CATALOGING SOURCE
- Original cataloging agency: GE_BSU
- Transcribing agency: GE_BSU
100 ## - HEADING--PERSONAL NAME
- Personal name: დგებუაძე, ორდე
670 ## - SOURCE DATA FOUND
- Source citation: Work cat.: (GE_BSU)40789: დგებუაძე, ორდე, მოთხრობები /
